000 00985nam a2200181Ia 4500
003 GCL
008 140319s9999 xx 000 0 ara d
040 _aGCL /
_cGCL
082 0 4 _a243.81
_bق ت
100 1 _aابن قتيبة الدينورى : ابو محمد عبد الله بن مسلم
245 1 0 _aكتاب تاويل مختلف الحديث فى الرد على اعداء اهل الحديث :
_bو الجمع بين الاخبار التى ادعو عليها التناقض و الاختلاف و الجواب عما اوردوه من الشبه على بعض الاخبار المتشابهة او المشكلة بادئ الراى /
_cابن قتيبة الدينورى : ابو محمد عبد الله بن مسلم
260 _aالقاهرة :
_bمكتبة المتنبى
300 _a256 ص ؛
_c24 سم
490 _a
650 0 4 _aالحديث - الجرح والتعديل
650 0 4 _aالحديث - المؤتلف و المختلف
942 _2ddc
_cBK
999 _c31335
_d31335